Top 20 richest(Soccer) football clubs in the world - Statistics

General Stats
  • This quiz has been taken 118 times
  • The average score is 16 of 20
Answer Stats
Ranking Answer % Correct
1 FC Barcelona
98%
3 Manchester United
98%
2 Real Madrid CF
98%
6 Manchester City F.C.
97%
4 Bayern Munich
95%
9 Chelsea F.C.
95%
18 A.C Milan
93%
7 Liverpool F.C.
93%
5 Paris Saint-Germain
91%
11 Arsenal F.C.
90%
10 Juventus F.C.
90%
14 Inter Milan
88%
12 Borussia Dortmund
85%
8 Tottenham Hotspur
82%
19 Newcastle United
74%
15 A.S Roma
65%
17 Everton F.C.
48%
20 West Ham United
48%
16 FC Schalke
13%
13 Athlético Madrid
10%
No matching quizzes found
Score Distribution
Percent of People with Each Score
Percentile by Number Answered
Your Score History
You have not taken this quiz